公立大学の学部 - Statistics

General Stats
  • This quiz has been taken 117 times
  • The average score is 90 of 224
Answer Stats
大学名 学部名 % Correct
| 京都府立医科大学 | 医学部 | +5 others 医学部
99%
| 下関市立大学 | 旭川市立大学 | +4 others 経済学部
98%
| 理学部 理学部
96%
| 三重県立看護大学 | 大分県立看護科学大学 | +12 others 看護学部
93%
宮城大学 看護学群
93%
| 三条市立大学 | 公立諏訪東京理科大学 | +3 others 工学部
93%
| 京都府立大学 | 文学部 | +2 others 文学部
89%
公立千歳科学技術大学 理工学部
86%
理工学群 理工学群
86%
| 岐阜薬科大学 | 薬学部 | 静岡県立大学 薬学部
81%
| 法学部 法学部
80%
経営学部 | 長崎県立大学 経営学部
79%
農学部 農学部
78%
九州歯科大学 歯学部
75%
福山市立大学 教育学部
74%
芸術学部 芸術学部
68%
北九州市立大学 | 愛知県立大学 | 神戸市外国語大学 外国語学部
67%
商学部 商学部
67%
名桜大学 | 広島市立大学 国際学部
64%
京都市立芸術大学 | 愛知県立芸術大学 | 秋田公立美術大学 美術学部
54%
情報学部
49%
情報学群 情報学群
49%
宮崎公立大学 人文学部
49%
公立鳥取環境大学 環境学部
48%
| 音楽学部 音楽学部
47%
国際教養大学 | 横浜市立大学 国際教養学部
43%
都留文科大学 教養学部
41%
| 保健医療学部 | 山形県立保健医療大学 | +2 others 保健医療学部
38%
長岡造形大学 造形学部
32%
獣医学部 獣医学部
31%
高知県立大学 文化学部
31%
| 保健福祉学部 | 名寄市立大学 | +2 others 保健福祉学部
27%
| 東京都立大学 人文社会学部
21%
| 周南公立大学 経済経営学部
20%
都市環境学部
20%
沖縄県立芸術大学 | 金沢美術工芸大学 美術工芸学部
20%
| デザイン学部 | 札幌市立大学 デザイン学部
19%
| データサイエンス学部 データサイエンス学部
16%
システムデザイン学部
14%
健康福祉学部
14%
芸術文化学部 芸術文化学部
13%
千葉県立保健医療大学 | 新見公立大学 | 青森県立保健大学 健康科学部
12%
| 社会福祉学部 | 長野大学 社会福祉学部
11%
芸術文化観光専門職大学 芸術文化・観光学部
11%
福岡県立大学 人間社会学部
11%
| 地域政策学部 地域政策学部
10%
国際コミュニケーション学部
9%
国際商学部
9%
| 情報工学部 情報工学部
9%
看護福祉学部
9%
| 島根県立大学 国際関係学部
9%
保健看護学部 保健看護学部
9%
総合政策学部
8%
| 愛媛県立医療技術大学 保健科学部
8%
国際経済学部
8%
| 情報科学部 情報科学部
8%
生活科学部
8%
生物資源学部
7%
芸術工学部
7%
地域創造学部 | 奈良県立大学 地域創造学部
7%
国際社会学部 国際社会学部
7%
新潟県立大学 国際地域学部
5%
日本文化学部
5%
| 滋賀県立大学 環境科学部
5%
公共政策学部
5%
県立広島大学 地域創生学部
5%
山口県立大学 国際文化学部
5%
高知工科大学 システム工学群
5%
地域創生学群 地域創生学群
5%
情報システム学部 情報システム学部
5%
ソフトウェア情報学部
4%
環境ツーリズム学部
4%
海洋生物資源学部
4%
福知山公立大学 地域経営学部
4%
総合管理学部 総合管理学部
4%
青森公立大学 経営経済学部
3%
事業構想学群
3%
| 生物資源科学部 生物資源科学部
3%
会津大学 コンピュータ理工学部
3%
埼玉県立大学 保健医療福祉学部
3%
人間生活学部
3%
山梨県立大学 国際政策学部
3%
大阪公立大学 現代システム科学域
3%
都市経営学部 都市経営学部
3%
人間健康学部 人間健康学部
3%
人間福祉学部
2%
食品栄養科学部
2%
| 経営情報学部 経営情報学部
2%
静岡文化芸術大学 文化政策学部
2%
看護栄養学部 看護栄養学部
2%
生命環境学部 生命環境学部
2%
福岡女子大学 国際文理学部
2%
公立はこだて未来大学 システム情報科学部
1%
食産業学群
1%
秋田県立大学 システム科学技術学部
1%
健康栄養学部 | 山形県立米沢栄養大学 健康栄養学部
1%
東北農林専門職大学 農林業経営学部
1%
診療放射線学部
1%
前橋工科大学 建築・都市・環境工学群
1%
情報・生命工学群
1%
長野県立大学 グローバルマネジメント学部
1%
健康発達学部
1%
企業情報学部
1%
石川県立大学 生物資源環境学部
1%
公立小松大学 生産システム科学部
1%
国際文化交流学部
1%
静岡県立農林環境専門職大学 生産環境経営学部
1%
教育福祉学部
1%
総合生命理学部
1%
| 人間文化学部 人間文化学部
1%
人間看護学部
1%
農学食科学部
1%
兵庫県立大学 国際商経学部
1%
社会情報科学部 社会情報科学部
1%
環境人間学部 環境人間学部
1%
尾道市立大学 経済情報学部
1%
叡啓大学 ソーシャルシステムデザイン学部
1%
人間健康科学部 人間健康科学部
1%
経済・マネジメント学群 経済・マネジメント学群
1%
国際環境工学部 国際環境工学部
1%
環境共生学部 環境共生学部
1%
データ&イノベーション学群 データ&イノベーション学群
0%
No matching quizzes found
Score Distribution
Percent of People with Each Score
Percentile by Number Answered
Your Score History
You have not taken this quiz